000 00706nam a2200289Ia 4500
005 20260324140810.0
008 008 260324s9999 xx 000 0 eng d
020 _a9781315790589
037 _aEBOOK
040 _aCRL
040 _beng
040 _cCRL
041 _2eng
041 _aeng
084 _qCRL
100 _aSusan Matoba Adler
_91205786
245 0 _aMothering, Education, and Ethnicity
245 4 _bThe Transformation of Japanese American Culture
260 _bTaylor and Francis
260 _c1998
365 _a
365 _b150
856 _uhttp://www.taylorfrancis.com/books/9781315790589
942 _cEBOOK
999 _c1808196
_d1808196